[Event "11th Aeroflot Open A"]
[Site "Moscow RUS"]
[Date "2012.02.10"]
[Round "4"]
[White "Zhigalko,S"]
[Black "Alekseev,Evgeny"]
[Result "1/2-1/2"]
[WhiteTitle "GM"]
[BlackTitle "GM"]
[WhiteElo "2658"]
[BlackElo "2670"]
[WhiteFideId "13502956"]
[BlackFideId "4138147"]
[EventDate "2012.02.07"]

1. d4 Nf6 2. c4 e6 3. Nc3 Bb4 4. Qc2 O-O 5. e4 d5 6. e5 Ne4 7. Bd3 c5 8. Ne2 Nc6
9. O-O cxd4 10. cxd5 exd5 11. Nxd5 Qxd5 12. Bxe4 Qxe5 13. Bf4 Qh5 14. a3 Ba5 15.
Bg3 Re8 16. b4 Bb6 17. Nf4 Qh6 18. Rfe1 Bd7 19. Nd5 Be6 20. Nxb6 axb6 21. Qd3
Qh5 22. Bxc6 1/2-1/2

[Event "85th ch-St Petersburg SF"]
[Site "St Petersburg RUS"]
[Date "2012.01.28"]
[Round "1.1"]
[White "Levin,Ev"]
[Black "Vunder,A"]
[Result "1-0"]
[WhiteTitle "GM"]
[WhiteElo "2498"]
[BlackElo "2271"]
[WhiteFideId "4182596"]
[BlackFideId "4128338"]
[EventDate "2012.01.28"]

1. d4 d5 2. c4 e6 3. Nc3 c5 4. cxd5 exd5 5. Nf3 Nc6 6. g3 Nf6 7. Bg2 Be7 8. O-O
O-O 9. Bg5 cxd4 10. Nxd4 h6 11. Bf4 Bg4 12. h3 Bh5 13. Qa4 Qd7 14. Rfd1 Rfd8 15.
Rac1 Rac8 16. g4 Bg6 17. e3 a6 18. Nde2 Nb4 19. Qxd7 Nxd7 20. Nxd5 Nxd5 21. Bxd5
Rxc1 22. Nxc1 Nb6 23. Bf3 Rxd1+ 24. Bxd1 Bf6 25. b3 Bb2 26. Ne2 Nd5 27. Bd6 Bb1
28. a4 b5 29. axb5 axb5 30. Nf4 Nc3 31. Bf3 Bc2 32. b4 Ba3 33. Nd5 Ne4 34. Be5
Ng5 35. Bg2 Bb3 36. Ne7+ Kf8 37. Bd6 Ke8 38. Bc6+ Kd8 39. f4 Ne6 40. Bxb5 Nc7
41. Bc6 Na6 42. Nd5 Bxd5 43. Bxd5 Bxb4 44. Bxb4 Nxb4 45. Bxf7 g5 46. Kf2 Ke7 47.
Bg6 Nd5 48. Kf3 Kf6 49. Be8 Nc3 50. Bc6 Ke6 51. Be4 Kf6 52. Bd3 Nd5 53. Bc4 Ne7
54. Kg3 Kg6 55. Bd3+ Kf7 56. Be4 1-0

[Event "85th ch-St Petersburg SF"]
[Site "St Petersburg RUS"]
[Date "2012.01.28"]
[Round "1.2"]
[White "Korennoi,V"]
[Black "Malakhov,I"]
[Result "0-1"]
[BlackTitle "FM"]
[WhiteElo "2251"]
[BlackElo "2422"]
[WhiteFideId "24110140"]
[BlackFideId "4183088"]
[EventDate "2012.01.28"]

1. d4 Nf6 2. c4 c5 3. dxc5 e6 4. Nf3 Bxc5 5. Nc3 O-O 6. e3 b6 7. Be2 Bb7 8. Qc2
d5 9. cxd5 Nxd5 10. Nxd5 Bxd5 11. O-O Nd7 12. e4 Rc8 13. Qb1 Bb7 14. Rd1 Qc7 15.
Bg5 Ne5 16. Nd4 Ng6 17. b4 Bd6 18. g3 Be5 19. Qd3 h6 20. Be3 Bxd4 21. Bxd4 Rfd8
22. Rac1 Qxc1 23. Rxc1 Rxc1+ 24. Kg2 e5 25. Qe3 Rc2 26. Bc3 f5 27. h4 Bxe4+ 28.
Kh2 Rc8 29. Bd2 Rb2 30. Bd3 Rd8 31. Bxe4 Rdxd2 32. h5 Rxf2+ 33. Kg1 fxe4 34.
Qxe4 Nf8 35. Qd5+ Kh8 36. Qxe5 Rfe2 0-1

[Event "85th ch-St Petersburg SF"]
[Site "St Petersburg RUS"]
[Date "2012.01.28"]
[Round "1.3"]
[White "Serov,M"]
[Black "Martynov,P2"]
[Result "1/2-1/2"]
[WhiteElo "2397"]
[BlackElo "2237"]
[WhiteFideId "4181905"]
[BlackFideId "4122186"]
[EventDate "2012.01.28"]

1. c4 Nf6 2. Nf3 e6 3. g3 d5 4. Bg2 dxc4 5. Qa4+ c6 6. Qxc4 b5 7. Qc2 Bb7 8. O-O
Nbd7 9. a4 a6 10. Nc3 Rc8 11. d3 Be7 12. Nd4 Nd5 13. Nxd5 cxd5 14. Qd1 b4 15.
Be3 O-O 16. Qd2 a5 17. Nb3 Nc5 18. Bxc5 Bxc5 19. Nxc5 Rxc5 20. Rfc1 Rxc1+ 21.
Rxc1 Qd7 22. b3 Rc8 23. d4 Rxc1+ 24. Qxc1 Qc6 25. Qxc6 Bxc6 26. e3 Kf8 27. Bf1
Ke7 28. Bd3 h6 29. h4 f6 30. f3 e5 31. Kf2 g5 32. hxg5 hxg5 33. g4 Ke6 34. Kg3
e4 35. fxe4 dxe4 36. Bc4+ Bd5 37. Bxd5+ Kxd5 38. Kg2 Kd6 39. Kg3 Kd5 40. Kg2 Kc6
41. Kg3 1/2-1/2

[Event "85th ch-St Petersburg SF"]
[Site "St Petersburg RUS"]
[Date "2012.01.28"]
[Round "1.4"]
[White "Balaian,Ali"]
[Black "Alekseenko,K"]
[Result "1/2-1/2"]
[BlackTitle "FM"]
[WhiteElo "2232"]
[BlackElo "2376"]
[WhiteFideId "24115347"]
[BlackFideId "4135539"]
[EventDate "2012.01.28"]

1. e4 c5 2. Nc3 Nc6 3. g3 Nf6 4. Bg2 e6 5. Nge2 d5 6. exd5 exd5 7. d4 cxd4 8.
Nxd4 Bb4 9. O-O O-O 10. Bg5 Be6 11. Nce2 h6 12. Bf4 Re8 13. h3 Qd7 14. Kh2 Rac8
15. c3 Bc5 16. Qd3 a5 17. Rad1 a4 18. Qb5 Nxd4 19. Nxd4 a3 20. Qb3 axb2 21. Qxb2
Bxd4 22. Rxd4 Bf5 23. Rfd1 Be4 24. c4 Bxg2 25. Kxg2 Qf5 26. cxd5 Rc2 27. Qb3
Ree2 28. R1d2 Rcxd2 29. Rxd2 Rxd2 30. Bxd2 Qd7 31. Bc3 Nxd5 32. Qc4 b5 33. Qd4
f6 34. Bb2 Qc6 35. Kh2 Kf7 36. Qa7+ Kg6 37. Bd4 Qc4 38. Qc5 Kf5 39. Qa7 Kg6 40.
Qc5 Kf5 41. Qa7 Ke4 42. Be3 g5 43. Kg2 Kd3 44. Qa3+ Nc3 45. Qa7 Qd5+ 46. Kg1
Nxa2 47. Qh7+ Kc3 48. Qxh6 Qd8 49. Qg7 Kc2 50. Qg6+ Kb2 51. Qe4 b4 52. Bd4+ Nc3
53. Qd3 Kb3 54. Kh2 Qd5 55. Qe3 Qc6 56. h4 gxh4 57. gxh4 Qd6+ 58. Kh3 Kc4 59. h5
Nd5 60. Qe4 Qd7+ 61. Kg3 f5 62. Qe5 f4+ 63. Kh4 Qd8+ 64. Kg4 Qg8+ 65. Kh4 b3 66.
h6 Qd8+ 67. Kh5 Qd7 68. Bb2 Qf7+ 69. Kg5 Qg8+ 70. Kh5 Qf7+ 1/2-1/2

[Event "85th ch-St Petersburg SF"]
[Site "St Petersburg RUS"]
[Date "2012.01.28"]
[Round "1.5"]
[White "Monin,N"]
[Black "Belenkaya,D"]
[Result "0-1"]
[WhiteTitle "IM"]
[BlackTitle "WFM"]
[WhiteElo "2360"]
[BlackElo "2208"]
[WhiteFideId "4104013"]
[BlackFideId "24142654"]
[EventDate "2012.01.28"]

1. d4 d5 2. Nf3 Nf6 3. e3 Bf5 4. c4 c6 5. Qb3 Qc7 6. Nc3 e6 7. Bd2 Nbd7 8. Rc1
Qb6 9. Nh4 Bg4 10. f3 Bh5 11. g4 Bg6 12. Be2 Rd8 13. O-O Bd6 14. Qxb6 axb6 15.
g5 Ng8 16. e4 dxc4 17. f4 f6 18. Bxc4 Bf7 19. f5 e5 20. Bxf7+ Kxf7 21. g6+ Ke8
22. d5 Bc5+ 23. Kg2 Ne7 24. gxh7 Rxh7 25. Nf3 cxd5 26. Nxd5 Nxd5 27. exd5 Rh5
28. b4 Bd6 29. Ne1 Kf7 30. Nc2 Rdh8 31. h3 Rxh3 32. Rh1 Rxh1 33. Rxh1 Rxh1 34.
Kxh1 g6 35. Ne3 Bf8 36. a4 gxf5 37. Nxf5 Kg6 38. Ne3 f5 39. Nc4 f4 40. b5 Kf5
41. Be1 Bc5 0-1

[Event "85th ch-St Petersburg SF"]
[Site "St Petersburg RUS"]
[Date "2012.01.28"]
[Round "1.6"]
[White "Kitsis,A"]
[Black "Barhudarian,R"]
[Result "1/2-1/2"]
[BlackTitle "FM"]
[WhiteElo "2195"]
[BlackElo "2333"]
[WhiteFideId "4184025"]
[BlackFideId "4182685"]
[EventDate "2012.01.28"]

1. Nf3 Nf6 2. g3 d6 3. Bg2 e5 4. O-O Be7 5. c4 O-O 6. Nc3 h6 7. d4 Nbd7 8. e4 c6
9. Qc2 Qc7 10. h3 Re8 11. Rd1 Bf8 12. dxe5 dxe5 13. Be3 a5 14. Na4 b6 15. Rac1
Rb8 16. Nh4 Ba6 17. Nf5 Re6 18. a3 Bxc4 19. Qxc4 b5 20. Qc2 bxa4 21. Rd2 Nb6 22.
Bc5 Kh7 23. Bxf8 Rxf8 24. Qc5 Nbd7 25. Qc4 Nb6 26. Qc5 Nbd7 27. Qc4 Nb6 28. Qc5
Nbd7 29. Qc4 Nb6 1/2-1/2

[Event "85th ch-St Petersburg SF"]
[Site "St Petersburg RUS"]
[Date "2012.01.28"]
[Round "1.7"]
[White "Bazeev,G"]
[Black "Skvortsov,Alexander"]
[Result "1-0"]
[WhiteElo "2315"]
[BlackElo "2169"]
[WhiteFideId "24119350"]
[BlackFideId "24170038"]
[EventDate "2012.01.28"]

1. d4 Nf6 2. Nf3 e6 3. c4 d5 4. g3 Bb4+ 5. Bd2 Be7 6. Bg2 O-O 7. O-O c6 8. Nc3
Nbd7 9. Bf4 dxc4 10. e4 Nb6 11. Qc2 Nh5 12. Be3 Qc7 13. Rfe1 Bd7 14. Ne5 c5 15.
Nxd7 Nxd7 16. d5 Ne5 17. Qe2 Nf6 18. Bf4 a6 19. Bxe5 Qxe5 20. Rad1 exd5 21. f4
Qe6 22. e5 Ne8 23. Bxd5 Qc8 24. e6 f5 25. Bxc4 b5 26. Nd5 Bf6 27. e7 bxc4 28.
exf8=Q+ Kxf8 29. Nb6 Qc6 30. Nxa8 Qxa8 31. Rd7 Qc8 32. Qe6 Bd4+ 33. Kf1 1-0

[Event "85th ch-St Petersburg SF"]
[Site "St Petersburg RUS"]
[Date "2012.01.28"]
[Round "1.8"]
[White "Kuzmin,E"]
[Black "Sichinava,Z"]
[Result "0-1"]
[WhiteElo "2132"]
[BlackElo "2315"]
[WhiteFideId "24101737"]
[BlackFideId "24111716"]
[EventDate "2012.01.28"]

1. d4 Nf6 2. c4 c5 3. d5 b5 4. cxb5 a6 5. bxa6 Bxa6 6. Nc3 d6 7. Nf3 Nbd7 8. Nd2
g6 9. e4 Bxf1 10. Nxf1 Bg7 11. Ne3 O-O 12. O-O Qb6 13. Qe2 Rfb8 14. Nc4 Qa6 15.
Bd2 Nb6 16. b3 Nxc4 17. bxc4 Rb2 18. Rab1 Rab8 19. Nb5 Rxb1 20. Rxb1 Qxa2 21.
Qd3 Ng4 22. Rc1 Bh6 23. Bxh6 Qxf2+ 24. Kh1 Qh4 25. Qg3 Qxh6 26. Ra1 Ne5 27. Qc3
Qf4 28. Re1 Ra8 29. Qc2 h5 30. h3 Qg3 31. Rf1 Qd3 32. Qxd3 Nxd3 33. Rf3 Ra1+ 34.
Kh2 0-1

[Event "85th ch-St Petersburg SF"]
[Site "St Petersburg RUS"]
[Date "2012.01.28"]
[Round "1.9"]
[White "Usmanov,V"]
[Black "Shpartko,G"]
[Result "1-0"]
[WhiteElo "2315"]
[BlackElo "2129"]
[WhiteFideId "4135741"]
[BlackFideId "24122254"]
[EventDate "2012.01.28"]

1. Nf3 Nf6 2. c4 c5 3. Nc3 d6 4. d4 cxd4 5. Nxd4 g6 6. e4 Bg7 7. Be2 Nc6 8. Be3
O-O 9. O-O Ne8 10. Qd2 f5 11. exf5 gxf5 12. Bf3 Nxd4 13. Bxd4 e5 14. Be3 f4 15.
Bc5 Rf6 16. Ba3 Rh6 17. g3 Qg5 18. Qd5+ Kh8 19. Qf7 Bf5 20. Rad1 Nf6 21. Bxd6
Bg6 22. Qxb7 Re8 23. Be7 fxg3 24. hxg3 Qf5 25. Bxf6 Bxf6 26. Rfe1 Rf8 27. Be4
Qh3 28. Bxg6 hxg6 29. Qg2 Qc8 30. Ne4 Be7 31. c5 Kg7 32. b4 Rfh8 33. Nd6 Qe6 34.
Qe4 Qf6 35. Kf1 Rh2 36. Rd2 a6 37. Re3 Rh1+ 38. Ke2 R1h5 39. Rf3 Qe6 40. Qd5
Qxd5 41. Rxd5 Bxd6 42. Rxd6 Rb8 43. a3 a5 44. c6 e4 45. Rd7+ Kh6 46. Rc3 axb4
47. c7 Rhb5 48. cxb8=Q Rxb8 49. Rb3 Rb5 50. Rxb4 Ra5 51. a4 Kg5 52. Rb5+ 1-0

[Event "85th ch-St Petersburg SF"]
[Site "St Petersburg RUS"]
[Date "2012.01.28"]
[Round "1.10"]
[White "Pershin,Denis"]
[Black "Donskov,Ana"]
[Result "1/2-1/2"]
[BlackTitle "FM"]
[WhiteElo "2096"]
[BlackElo "2306"]
[WhiteFideId "24165506"]
[BlackFideId "24143413"]
[EventDate "2012.01.28"]

1. e4 c5 2. Nf3 Nc6 3. d4 cxd4 4. Nxd4 Nf6 5. Nc3 d6 6. Bc4 e6 7. Be3 Be7 8. Qe2
a6 9. O-O-O Nxd4 10. Bxd4 b5 11. Bb3 Bb7 12. f4 O-O 13. Bxf6 Bxf6 14. e5 Be7 15.
f5 exf5 16. Rhf1 Qc7 17. e6 fxe6 18. Bxe6+ Kh8 19. Bxf5 g6 20. Be6 Bf6 21. Nd5
Bxd5 22. Bxd5 Rac8 23. Rf3 Qg7 24. c3 b4 25. c4 a5 26. Kb1 a4 27. Rdf1 a3 28.
Qe6 Bxb2 29. Rf7 Qh6 30. Rxf8+ Rxf8 31. Rxf8+ Qxf8 32. Qf7 Qxf7 33. Bxf7 Kg7 34.
Bd5 Kf6 35. Kc2 Be5 36. h3 Bg3 37. Kb3 Be1 38. Bf3 Ke5 39. Bd5 Bc3 40. Bc6 h5
41. Bd5 Kf5 42. Bc6 Kf4 43. Bd5 g5 44. Bc6 Kg3 45. Bd5 Kf2 46. Bf3 h4 47. Bd5
Kg3 48. Bc6 g4 49. hxg4 Kxg4 50. Bf3+ Kf4 51. Bd5 Kg3 52. Bc6 Kf2 53. Bd5 Ke3
54. Bc6 Kd2 55. Bf3 Kc1 56. Bd5 Bd4 57. Bf3 Bc5 58. Bd5 1/2-1/2

[Event "85th ch-St Petersburg SF"]
[Site "St Petersburg RUS"]
[Date "2012.01.28"]
[Round "1.11"]
[White "Duzhakov,I"]
[Black "Sheynin,I"]
[Result "1-0"]
[WhiteTitle "FM"]
[WhiteElo "2303"]
[BlackElo "2093"]
[WhiteFideId "4192516"]
[BlackFideId "4186230"]
[EventDate "2012.01.28"]

1. d4 Nf6 2. c4 c5 3. d5 e6 4. Nc3 exd5 5. cxd5 d6 6. e4 g6 7. h3 Bg7 8. Nf3 O-O
9. Bd3 b5 10. Nxb5 Re8 11. O-O Ba6 12. Nc3 c4 13. Bc2 Nbd7 14. Be3 Qc7 15. Re1
Rab8 16. Rb1 Nc5 17. Bd4 Rb7 18. e5 Nfd7 19. e6 fxe6 20. Bxg7 Kxg7 21. dxe6 Nxe6
22. Ng5 Ne5 23. Nxe6+ Rxe6 24. f4 1-0

[Event "85th ch-St Petersburg SF"]
[Site "St Petersburg RUS"]
[Date "2012.01.28"]
[Round "1.12"]
[White "Gorbatenko,A"]
[Black "Solovyov,V"]
[Result "0-1"]
[WhiteElo "2082"]
[BlackElo "2293"]
[WhiteFideId "4145976"]
[BlackFideId "4102754"]
[EventDate "2012.01.28"]

1. d4 Nf6 2. c4 e6 3. Nf3 d5 4. cxd5 exd5 5. Nc3 c6 6. Qc2 g6 7. Bg5 Be7 8. e3
Bf5 9. Bd3 Bxd3 10. Qxd3 Nbd7 11. O-O O-O 12. Ne2 Ne4 13. Bxe7 Qxe7 14. Rad1
Rae8 15. Qb3 Nb6 16. Nc3 Nd6 17. Qb4 Kg7 18. b3 Nd7 19. Na4 Nf6 20. Nc5 Ng4 21.
h3 Nh6 22. Rfe1 Nhf5 23. Qc3 Kg8 24. Ne5 f6 25. Nf3 Qf7 26. Qb4 Re7 27. a4 Rfe8
28. Qc3 Ng7 29. Rb1 Ne6 30. Nxe6 Qxe6 31. Qd3 Kg7 32. Nd2 g5 33. Qe2 Qf7 34. g3
Qg6 35. Rbc1 h5 36. Rc3 h4 37. gxh4 Nf5 38. h5 Qh6 39. Qg4 Nd6 40. h4 Ne4 41.
Nxe4 Rxe4 42. f4 Kh8 43. hxg5 fxg5 44. Rc2 gxf4 45. Rg2 fxe3 46. Qf5 Rf8 47. Qh3
Qf4 48. Ree2 Rxd4 0-1

[Event "85th ch-St Petersburg SF"]
[Site "St Petersburg RUS"]
[Date "2012.01.28"]
[Round "1.13"]
[White "Golovankov,V"]
[Black "Saveliev,Alexei"]
[Result "1-0"]
[WhiteElo "2288"]
[BlackElo "2074"]
[WhiteFideId "4129423"]
[BlackFideId "24128546"]
[EventDate "2012.01.28"]

1. d4 Nf6 2. Nf3 e6 3. e3 b6 4. Bd3 Bb7 5. O-O Be7 6. c4 Ne4 7. Ne1 f5 8. f3 Nf6
9. Nc3 O-O 10. e4 fxe4 11. fxe4 d6 12. Nc2 Nbd7 13. Ne3 e5 14. d5 g6 15. Be2 Bc8
16. Qc2 Ne8 17. Bd2 Rxf1+ 18. Rxf1 Ndf6 19. b4 Ng7 20. Rc1 Bd7 21. Ncd1 Qe8 22.
Nf2 h5 23. Nf1 Qf7 24. Be3 a5 25. a3 axb4 26. axb4 Qf8 27. Qb2 Qb8 28. Ra1 Kf8
29. Nd2 Qb7 30. Rxa8+ Qxa8 31. c5 bxc5 32. bxc5 c6 33. cxd6 Bxd6 34. Nc4 Qb8 35.
Bc5 1-0

[Event "85th ch-St Petersburg SF"]
[Site "St Petersburg RUS"]
[Date "2012.01.28"]
[Round "1.14"]
[White "Ivanov,Mir"]
[Black "Vlasov,Eg"]
[Result "1-0"]
[WhiteElo "2070"]
[BlackElo "2287"]
[WhiteFideId "4140273"]
[BlackFideId "4146360"]
[EventDate "2012.01.28"]

1. e4 e5 2. Nf3 Nc6 3. Bc4 Bc5 4. O-O Nf6 5. Nc3 d6 6. h3 Be6 7. Bb5 O-O 8. Bxc6
bxc6 9. d4 exd4 10. Nxd4 Qd7 11. Qd3 Bxd4 12. Qxd4 c5 13. Qd3 Qc6 14. Bg5 Nd7
15. Nd5 Kh8 16. Rad1 f6 17. Bc1 f5 18. f3 Ne5 19. Qc3 Bxd5 20. exd5 Qb5 21. b3
f4 22. Rfe1 Rf5 23. Re4 Raf8 24. Rde1 Qd7 25. b4 cxb4 26. Qxb4 Nxf3+ 27. gxf3
Rg5+ 28. Kh2 Rh5 29. Re6 Rxd5 30. Qxf4 1-0

[Event "85th ch-St Petersburg SF"]
[Site "St Petersburg RUS"]
[Date "2012.01.28"]
[Round "1.15"]
[White "Ganichev,Alex"]
[Black "Dubovsky,A"]
[Result "1-0"]
[WhiteElo "2275"]
[BlackElo "1976"]
[WhiteFideId "24143944"]
[BlackFideId "4168747"]
[EventDate "2012.01.28"]

1. e4 e6 2. d4 d5 3. Nc3 Bb4 4. Bd3 dxe4 5. Bxe4 Nf6 6. Bd3 Nbd7 7. Nf3 Nd5 8.
Bd2 N7f6 9. O-O Nxc3 10. bxc3 Bd6 11. Qe2 O-O 12. Ne5 a6 13. Rad1 Qe7 14. Bg5
Qd8 15. Qf3 Be7 16. Qh3 g6 17. Rfe1 Nh5 18. Bh6 Ng7 19. Re3 Bd7 20. Ng4 Bh4 21.
Ne5 Be7 22. Be4 Rb8 23. d5 Bc8 24. Qg3 f5 25. Bf3 f4 26. Bxf4 Nf5 27. Qh3 Nxe3
28. Bxe3 Bg5 29. dxe6 Qe7 30. Nd7 Bxe3 31. fxe3 Re8 32. Bd5 Ra8 33. Rf1 h5 34.
Qg3 Qg7 35. Rf7 Qh6 36. Nf6+ Kh8 37. Nxe8 Bxe6 38. Qe5+ Kg8 39. Rg7+ Kf8 40.
Qf6+ Kxe8 41. Qe7# 1-0

[Event "85th ch-St Petersburg SF"]
[Site "St Petersburg RUS"]
[Date "2012.01.28"]
[Round "1.16"]
[White "Rozum,I"]
[Black "Gorjunov,S2"]
[Result "1-0"]
[WhiteTitle "IM"]
[WhiteElo "2475"]
[BlackElo "2088"]
[WhiteFideId "24104272"]
[BlackFideId "4166590"]
[EventDate "2012.01.28"]

1. d4 e6 2. c4 Nf6 3. g3 c5 4. d5 exd5 5. cxd5 d6 6. Nc3 g6 7. Bg2 a6 8. a4 Bg7
9. Nf3 O-O 10. O-O Nbd7 11. Bf4 Qe7 12. Re1 Nh5 13. Bg5 f6 14. Bd2 Ne5 15. Nxe5
fxe5 16. a5 Nf6 17. b4 cxb4 18. Na4 e4 19. Nb6 Ng4 20. Nxa8 Nxf2 21. Qc1 Bxa1
22. Qxa1 e3 23. Bxb4 Bh3 24. Bf3 Nd3 25. Rb1 Ne5 26. Bg2 Bxg2 27. Kxg2 Rf2+ 28.
Kg1 Rxe2 29. Rf1 Rf2 30. Rxf2 exf2+ 31. Kf1 Nd3 32. Qc3 Qe4 33. Qc8+ Kg7 34.
Bc3+ Ne5 35. Bxe5+ Qxe5 36. Qe6 Qa1+ 37. Kxf2 Qd4+ 38. Kf3 Qd3+ 39. Kg4 Qd1+ 40.
Kh3 Qf1+ 41. Kh4 Qc4+ 42. g4 Qf4 43. Qe7+ Kh6 44. Qe2 Qg5+ 45. Kh3 Qxd5 46. Qe3+
Kg7 47. Nc7 Qd1 48. Ne6+ Kg8 49. Ng5 1-0

[Event "85th ch-St Petersburg SF"]
[Site "St Petersburg RUS"]
[Date "2012.01.29"]
[Round "2.1"]
[White "Duzhakov,I"]
[Black "Levin,Ev"]
[Result "1/2-1/2"]
[WhiteTitle "FM"]
[BlackTitle "GM"]
[WhiteElo "2303"]
[BlackElo "2498"]
[WhiteFideId "4192516"]
[BlackFideId "4182596"]
[EventDate "2012.01.28"]

1. d4 Nf6 2. c4 e6 3. Nc3 Bb4 4. e3 c5 5. Ne2 cxd4 6. exd4 d5 7. c5 Ne4 8. Bd2
Bxc3 9. Nxc3 O-O 10. Nxe4 dxe4 11. Be3 Nc6 12. Qd2 a5 13. Bc4 Nb4 14. O-O-O Bd7
15. Kb1 Bc6 16. a3 Nd5 17. Rhe1 Qc7 18. g4 b5 19. Bb3 Qd7 20. Ba2 b4 21. Ka1
Rfb8 22. Bf4 Nxf4 23. Qxf4 bxa3 24. bxa3 Bd5 25. Rb1 Rd8 26. Bxd5 Qxd5 27. Qxe4
Qxd4+ 28. Qxd4 Rxd4 29. Rec1 Kf8 30. c6 Ke8 31. Rb5 a4 32. Rb4 Rd2 33. c7 Rc8
34. Rxa4 Rxf2 35. Rac4 g5 36. Rc5 Kd7 37. Rd1+ Ke7 38. Rdc1 Kd7 39. Rd1+ Ke7 40.
Rdc1 Kd7 1/2-1/2

[Event "85th ch-St Petersburg SF"]
[Site "St Petersburg RUS"]
[Date "2012.01.29"]
[Round "2.2"]
[White "Solovyov,V"]
[Black "Rozum,I"]
[Result "0-1"]
[BlackTitle "IM"]
[WhiteElo "2293"]
[BlackElo "2475"]
[WhiteFideId "4102754"]
[BlackFideId "24104272"]
[EventDate "2012.01.28"]

1. Nf3 c5 2. c4 g6 3. Nc3 Bg7 4. e3 Nf6 5. d4 cxd4 6. exd4 d5 7. Be2 O-O 8. O-O
Nc6 9. h3 dxc4 10. Bxc4 a6 11. a3 b5 12. Ba2 b4 13. axb4 Nxb4 14. Bb3 Bb7 15.
Re1 e6 16. Bg5 h6 17. Bf4 Nfd5 18. Bg3 Ne7 19. Be5 Bxf3 20. Qxf3 Nbc6 21. Rad1
Nxe5 22. dxe5 Qb8 23. Na4 Ra7 24. Bc4 Qc7 25. Qe2 Bxe5 26. b3 Bg7 27. Bxa6 Rb8
28. Bc4 Nf5 29. Rc1 Qa5 30. Red1 Rab7 31. Qe4 Qb4 32. Qc6 Nd4 33. Qc5 Nxb3 34.
Qxb4 Rxb4 35. Bxb3 Rxb3 36. Nc5 Rb2 37. Ne4 Re2 38. Re1 Ra2 39. Rb1 Rd8 40. Red1
Bd4 41. Rf1 f5 42. Ng3 Kf7 43. Rbe1 Ba7 44. Re2 Rxe2 45. Nxe2 Rd2 46. Ra1 Bc5
47. Kf1 Kf6 48. g3 Rb2 49. Rc1 Bb6 50. Rc6 g5 51. Kg2 Ke5 52. Kf1 f4 53. gxf4+
gxf4 54. Rc3 Kf6 55. Rc4 e5 56. f3 Be3 57. Rc8 Kg5 58. Re8 Rb1+ 59. Kg2 Re1 60.
Nc3 Bd4 61. Rg8+ Kh5 62. Ne4 Rg1+ 63. Kh2 Rxg8 64. Nf6+ Kg6 65. Nxg8 Bc5 0-1

[Event "85th ch-St Petersburg SF"]
[Site "St Petersburg RUS"]
[Date "2012.01.29"]
[Round "2.4"]
[White "Vorobjev,D"]
[Black "Bazeev,G"]
[Result "0-1"]
[WhiteElo "2223"]
[BlackElo "2315"]
[WhiteFideId "24112178"]
[BlackFideId "24119350"]
[EventDate "2012.01.28"]

1. e4 c5 2. Nf3 d6 3. d4 cxd4 4. Nxd4 Nf6 5. Nc3 Nc6 6. Bg5 e6 7. Qd2 a6 8.
O-O-O Bd7 9. f3 Rc8 10. Kb1 Be7 11. Nb3 b5 12. Bxf6 gxf6 13. f4 b4 14. Ne2 a5
15. Nbd4 Qb6 16. f5 Nxd4 17. Nxd4 e5 18. Nf3 a4 19. b3 d5 20. Bd3 d4 21. g4 axb3
22. cxb3 Rc3 23. Qe2 Bc6 24. Nd2 Kd7 25. Rc1 Rg8 26. Rxc3 dxc3 27. Nc4 Qc5 28.
Rd1 Kc7 29. Bc2 Qa7 30. h3 Bc5 31. Bd3 Bd4 32. Bc2 Qc5 33. Qh2 Be3 34. Qe2 Bd4
35. Qh2 Rd8 36. Qg3 Bb5 37. Qd3 Rd7 38. Qe2 Kb8 39. Bd3 Bc6 40. Bc2 Ka7 41. Qe1
Bb5 42. Qe2 Qc7 43. Bd3 Qd8 44. Kc2 Bc5 45. a3 Kb8 46. axb4 Ra7 47. Na5 Qb6 48.
Ra1 Be8 49. Ra4 Bxa4 50. bxa4 Rc7 51. Bb5 Qd6 52. Be8 Bb6 53. h4 Bxa5 54. bxa5
Qa3 55. Qb5+ Rb7 56. Qd5 Rb2+ 0-1

[Event "85th ch-St Petersburg SF"]
[Site "St Petersburg RUS"]
[Date "2012.01.29"]
[Round "2.5"]
[White "Sichinava,Z"]
[Black "Ganichev,Alex"]
[Result "0-1"]
[WhiteElo "2315"]
[BlackElo "2275"]
[WhiteFideId "24111716"]
[BlackFideId "24143944"]
[EventDate "2012.01.28"]

1. d4 d5 2. c4 e6 3. Nf3 Nf6 4. g3 dxc4 5. Bg2 a6 6. O-O Nc6 7. Nc3 Rb8 8. a4
Be7 9. e4 O-O 10. Be3 b5 11. axb5 axb5 12. d5 b4 13. dxc6 bxc3 14. bxc3 Qxd1 15.
Rfxd1 Nxe4 16. Rdc1 f6 17. Ra7 Bd6 18. Bf1 Rb3 19. Bd4 Ra3 20. Bxc4 Rxa7 21.
Bxa7 Kh8 22. Nd4 Bc5 23. Ra1 e5 24. Bxc5 Nxc5 25. Nb3 Be6 26. Nxc5 Bxc4 27. Ra7
Rc8 28. Nb7 Kg8 29. Ra5 Kf7 30. Ra1 Ke7 31. Rd1 Be6 32. Nc5 Bf5 33. Nb7 Ra8 34.
f3 Ra3 35. g4 Be6 36. Rd3 Ra6 37. Nd8 Bc8 38. Kf2 Ra5 39. Nb7 Ra4 40. Rd8 Be6
41. Rh8 h6 42. Rh7 Kf7 43. Rh8 Rc4 44. Nd8+ Ke7 45. Nxe6 Kxe6 46. Re8+ Kf7 47.
Rd8 Rxc6 48. Rd7+ Kf8 49. Rd3 Rd6 50. Re3 Rd2+ 51. Kg3 Ke7 52. f4 Ke6 53. fxe5
fxe5 54. h4 c5 55. Kf3 c4 56. Ke4 Rf2 57. Rg3 g5 58. Rg1 Re2+ 59. Kf3 Rc2 60.
Ra1 Rxc3+ 61. Ke4 Rd3 0-1

[Event "85th ch-St Petersburg SF"]
[Site "St Petersburg RUS"]
[Date "2012.01.29"]
[Round "2.6"]
[White "Belenkaya,D"]
[Black "Usmanov,V"]
[Result "0-1"]
[WhiteTitle "WFM"]
[WhiteElo "2208"]
[BlackElo "2315"]
[WhiteFideId "24142654"]
[BlackFideId "4135741"]
[EventDate "2012.01.28"]

1. e4 c5 2. Nf3 Nc6 3. d4 cxd4 4. Nxd4 Nf6 5. Nc3 d6 6. f3 e5 7. Nb3 Be7 8. Be3
O-O 9. Be2 Be6 10. Nd5 Bxd5 11. exd5 Nb4 12. c4 a5 13. a3 Na6 14. a4 Nd7 15. O-O
f5 16. Qd2 f4 17. Bf2 Bh4 18. Nxa5 Bxf2+ 19. Rxf2 Nac5 20. b4 Rxa5 21. bxa5 Nb3
22. Qc3 Nxa1 23. Rf1 Nc2 24. Qxc2 Qxa5 25. Bd3 h6 26. Bf5 Nc5 27. Rb1 Kh8 28.
Be6 Rf6 29. h3 Qc7 30. Bg4 g6 31. h4 h5 32. Bh3 Kg7 33. Rb5 Rf8 34. a5 Qe7 35.
Rb6 Ra8 36. Qd2 Ra6 37. Qb4 Qc7 38. Rb5 Kh6 39. Qd2 Qd8 40. Qe1 b6 41. axb6 Rxb6
42. Qa5 Rb8 43. Qxd8 Rxd8 44. g4 hxg4 45. Bxg4 g5 46. hxg5+ Kxg5 47. Be6 Nxe6
48. dxe6 Kf6 49. Rb6 Ke7 50. Rc6 Kxe6 51. Kf2 Kd7 52. Ra6 Rc8 53. Ra7+ Ke6 54.
Ra4 Rb8 55. Ra2 Rh8 56. Kg2 Rc8 57. Kh3 Kf5 58. Rd2 Rc6 59. Kg2 Ke6 60. Rc2 Kd7
61. Kf2 Kc7 62. Ke1 Kb6 63. Kd2 Kc5 64. Kd3 Ra6 65. Ke2 Ra3 66. Rc1 Ra2+ 67. Kd3
Rf2 68. Ke4 Rd2 69. Ra1 Rd4+ 70. Kf5 Kxc4 71. Ra3 Kb4 72. Ra6 Kc3 73. Ra3+ Kd2
74. Kg4 Ke2 75. Rb3 Rd3 76. Rb2+ Ke3 77. Rb6 d5 78. Re6 e4 79. Rf6 Rd1 80. Rxf4
Rg1+ 81. Kf5 exf3 82. Ra4 f2 83. Ra3+ Kd4 0-1